| 000 | 00678nam a22002297a 4500 | ||
|---|---|---|---|
| 005 | 20170124110113.0 | ||
| 010 | _aA-710019 | ||
| 020 |
_c00.00 _a0006375952 |
||
| 035 | _aA-710019 | ||
| 037 | _bCen Lib/Ret | ||
| 040 |
_aDPL _bEN |
||
| 082 |
_a954.56 _bWIL |
||
| 100 |
_aWilliam, Dalrymple _929511 |
||
| 245 |
_aCity of Djinns : _cby William Dalrymple _b a year in Delhi / |
||
| 260 |
_aLondon _bFlamingo _c1994 |
||
| 270 |
_bLondon _a77-85 Fulham Palace Road,Hammersmith |
||
| 300 |
_a350p. _c17cm(HB) _bill. |
||
| 500 | _aIncludes Bibliographical | ||
| 650 |
_aTravel _925007 |
||
| 650 |
_aManners and customs _932247 |
||
| 942 |
_2ddc _cEN _h954.56 _mWIL |
||
| 999 |
_c130563 _d130563 |
||